Els Joglars : espais / Joan Abellan espais / Joan Abellan
ISBN:
84-7794-897-6
Descripción Física:
227 p. : il., fot. ; 29 cm
MARC
| LEADER | 00000nam a2200000Ia 4500 | ||
|---|---|---|---|
| 001 | 14713 | ||
| 008 | 160829s2002 xx 000 0 cat d | ||
| 020 | |a 84-7794-897-6 | ||
| 080 | |a B-2-20 | ||
| 100 | 1 | |a Abellán, Joan, |d 1946- |9 30606 | |
| 245 | |a Els Joglars : |b espais / Joan Abellan | ||
| 260 | |a Barcelona : |b Diputació de Barcelona, Xarxa de Municipis, Institut del Teatre, |c 2002 | ||
| 300 | |a 227 p. : |b il., fot. ; |c 29 cm | ||
| 590 | |a Bibliografia | ||
| 650 | |a Joglars (Grup teatral) |9 30233 | ||
| 650 | |a Boadella, Albert |x Escenificació |9 22261 | ||
| 650 | 0 | |a Teatre |x Escenografia i decorats |9 30936 | |
| 901 | |a Arxiu | ||
| 942 | |n 1 | ||
| 952 | |0 0 |1 0 |4 0 |6 B220 |7 1 |9 42143 |a Arxiu |b Arxiu |d 2016-12-01 |l 0 |o B-2-20 |p 14713 |r 2016-12-01 00:00:00 |w 2016-12-01 |y ARXIU | ||
| 999 | |c 44590 |d 44590 | ||